[Event "Oberpfalz-ch M3"]
[Site "Regensburg"]
[Date "2004.04.05"]
[Round "6.3"]
[White "Von Dichter, Elena"]
[Black "Gruber, Patrick"]
[Result "1/2-1/2"]
[WhiteElo "1592"]
[BlackElo "1402"]
[PlyCount "60"]
[EventDate "2004.04.03"]
[EventType "swiss"]
[EventRounds "8"]
[EventCountry "GER"]
[SourceTitle "EXT 2022"]
[Source "ChessBase"]
[SourceDate "2021.10.06"]
[SourceVersion "1"]
[SourceVersionDate "2021.10.06"]
[SourceQuality "1"]

1. e4 e5 2. Nf3 Nc6 3. Bc4 Bc5 4. 0-0 d6 5. d3 h6 6. c3 Bg4 7. b4 Bb6 8. Nbd2 Nf6 9. Re1 0-0 10. Nf1 Be6 11. Bxe6 fxe6 12. Be3 Ng4 13. Bxb6 axb6 14. h3 Nf6 15. Ng3 Qe7 16. Qb3 Kh8 17. a3 b5 18. d4 exd4 19. cxd4 e5 20. d5 Na7 21. Nf5 Qd7 22. N3h4 Kh7 23. Qd3 Nh5 24. Kh2 Nc8 25. Qe3 Ne7 26. g3 g5 27. Nxe7 Qxe7 28. Nf5 Qf7 29. Rf1 Ng7 30. Nxg7 Kxg7 1/2-1/2

[Event "Oberpfalz-ch M3"]
[Site "Regensburg"]
[Date "2004.04.04"]
[Round "3.3"]
[White "Tarschis, Jewgenij"]
[Black "Gruber, Patrick"]
[Result "0-1"]
[WhiteElo "1486"]
[BlackElo "1402"]
[PlyCount "48"]
[EventDate "2004.04.03"]
[EventType "swiss"]
[EventRounds "8"]
[EventCountry "GER"]
[SourceTitle "EXT 2022"]
[Source "ChessBase"]
[SourceDate "2021.10.06"]
[SourceVersion "1"]
[SourceVersionDate "2021.10.06"]
[SourceQuality "1"]

1. e4 e5 2. Nf3 Nc6 3. Bc4 Bc5 4. Nc3 d6 5. d3 h6 6. Be3 Bb6 7. Nd5 Bg4 8. Nxb6 axb6 9. c3 Na5 10. Bd5 c6 11. Qa4 b5 12. Qb4 cxd5 13. Qxb5+ Qd7 14. Qxd7+ Bxd7 15. exd5 b5 16. 0-0 Nf6 17. b4 Nb7 18. c4 e4 19. Nd4 exd3 20. cxb5 Nxd5 21. Bd2 Ra4 22. Nc6 0-0 23. Na5 Nxa5 24. bxa5 Bxb5 0-1

[Event "Oberpfalz-ch M3"]
[Site "Regensburg"]
[Date "2004.04.03"]
[Round "1.17"]
[White "Gruber, Patrick"]
[Black "Brack, Johannes"]
[Result "1-0"]
[WhiteElo "1402"]
[BlackElo "779"]
[PlyCount "91"]
[EventDate "2004.04.03"]
[EventType "swiss"]
[EventRounds "8"]
[EventCountry "GER"]
[SourceTitle "EXT 2022"]
[Source "ChessBase"]
[SourceDate "2021.10.06"]
[SourceVersion "1"]
[SourceVersionDate "2021.10.06"]
[SourceQuality "1"]

1. f4 d5 2. Nf3 c5 3. e3 Bg4 4. h3 Bh5 5. g4 Bg6 6. f5 Bxf5 7. gxf5 Qd7 8. Ne5 Qxf5 9. Bb5+ Kd8 10. Nf3 d4 11. Bd3 Qd5 12. exd4 cxd4 13. Qe2 g6 14. Be4 Qd7 15. Ne5 Qe6 16. Bxb7 f6 17. Nc6+ Qxc6 18. Bxc6 Nxc6 19. b3 Bh6 20. Bb2 e5 21. d3 Nge7 22. Nd2 Nb4 23. Nc4 Rc8 24. a3 Nbd5 25. Nd6 Nf4 26. Qf2 Nf5 27. Nf7+ Ke7 28. Nxh6 Nxh6 29. 0-0-0 Nf5 30. Kb1 Ne3 31. Rd2 Rc6 32. Bxd4 Ned5 33. Bb2 Rhc8 34. Rc1 Nc3+ 35. Bxc3 Rxc3 36. Qxa7+ R8c7 37. Qe3 Nd5 38. Qe4 Ke6 39. d4 f5 40. Qxe5+ Kd7 41. Qxd5+ Kc8 42. Re2 Kb8 43. Qb5+ Ka7 44. Re6 Ka8 45. Qa6+ Kb8 46. Rb6+ 1-0